000 01320cam a2200373 a 4500
001 126968
005 20230410123445.0
008 960924s1997 mnu 001 0 eng
010 _a 96046482
020 _a0314203834 (hard cover)
040 _aDLC
_cDLC
_dDLC
043 _an-us---
050 1 4 _aKF 4754.5
_bR895c 1997
082 0 0 _a346.7301
100 1 _aRubenstein, William B.
245 1 0 _aCases and materials on sexual orientation and the law /
_cby William B. Rubenstein.
246 1 8 _aSexual orientation and the law
250 _a2nd ed.
260 _aSt. Paul, Minn. :
_bWest Pub. Co.,
_c1997.
300 _axlv, 922 p. ;
_c26 cm.
440 0 _aAmerican casebook series
500 _aRev. ed. of: Lesbians, gay men, and the law. c1993.
500 _aAccompanied by: Teacher's manual (167 p.).
500 _aTeacher's manual published: West Group (1998).
500 _aIncludes index.
650 0 _aHomosexuality
_xLaw and legislation
_zUnited States
_xCases.
650 0 _aGay rights
_zUnited States
_xCases.
650 4 _aHomosexualidad
_xLey y legislación
_zEstados Unidos
_xCasos.
650 4 _aDerechos de los homosexuales
_zEstados Unidos
_xCasos.
730 0 _aLesbians, gay men, and the law.
920 _a**LC HAS REQ'D # OF SHELF COPIES**
942 _2lcc
_cbk
985 _eGAP
999 _c61832
_d61832